ITU Radio Callsign Prefixes - Statistics

General Stats
  • This quiz has been taken 3 times
  • The average score is 55 of 310
Answer Stats
Prefix Answer % Correct
9A Croatia
100%
F France
100%
I Italy
100%
VA – VG Canada
67%
PJ Curaçao, Bonaire, Sint Eustatius, Sint Maarten and Saba
67%
DA – DR Germany
67%
HA Hungary
67%
VT – VW India
67%
JA – JS Japan
67%
LX Luxembourg
67%
LA – LN Norway
67%
YO – YR Romania
67%
R Russia
67%
UA – UI Russia
67%
YT – YU Serbia
67%
S5 Slovenia
67%
SA – SM Sweden
67%
2 United Kingdom
67%
G United Kingdom
67%
M United Kingdom
67%
W United States
67%
K United States of America
67%
N United States of America
67%
ZA Albania
33%
D2 – D3 Angola
33%
AY – AZ Argentina
33%
L2 – L9 Argentina
33%
EK Armenia
33%
AX Australia
33%
VH – VN Australia
33%
OE Austria
33%
C6 Bahamas
33%
EU – EW Belarus
33%
ON – OT Belgium
33%
V3 Belize
33%
A5 Bhutan
33%
CP Bolivia
33%
A2 Botswana
33%
PP – PY Brazil
33%
ZV – ZZ Brazil
33%
LZ Bulgaria
33%
XU Cambodia
33%
CF – CK Canada
33%
CY – CZ Canada
33%
VO Canada
33%
VX – VY Canada
33%
TT Chad
33%
CA – CE Chile
33%
BA – BL China
33%
BR – BT China
33%
BY – BZ China
33%
HJ – HK Colombia
33%
E5 Cook Islands
33%
TI Costa Rica
33%
CL – CM Cuba
33%
CO Cuba
33%
5B Cyprus
33%
OK – OL Czech Republic
33%
OU – OZ Denmark
33%
4X Israel
33%
4Z Israel
33%
HI Dominican Republic
33%
HC – HD Ecuador
33%
SSA – SSM Egypt
33%
SU Egypt
33%
ES Estonia
33%
3DN – 3DZ Fiji
33%
OF – OJ Finland
33%
TK France
33%
TM France
33%
TO – TQ France
33%
TV – TX France
33%
SV – SZ Greece
33%
TD Guatemala
33%
TG Guatemala
33%
HH Haiti
33%
VR Hong Kong
33%
HG Hungary
33%
TF Iceland
33%
AT – AW India
33%
YB – YH Indonesia
33%
4Y International Civil Aviation Organization
33%
EI – EJ Ireland
33%
7J – 7N Japan
33%
8J – 8N Japan
33%
JY Jordan
33%
UN – UQ Kazakhstan
33%
EX Kyrgyzstan
33%
XW Laos
33%
YL Latvia
33%
OD Lebanon
33%
LY Lithuania
33%
XX Macao
33%
9H Malta
33%
JT – JV Mongolia
33%
4O Montenegro
33%
CN Morocco
33%
V5 Namibia
33%
C2 Nauru
33%
ZK – ZM New Zealand
33%
P5 – P9 North Korea
33%
A4 Oman
33%
AP – AS Pakistan
33%
E4 Palestine
33%
OA – OC Peru
33%
DU – DZ Philippines
33%
CQ – CU Portugal
33%
V4 Saint Kitts and Nevis
33%
5W Samoa
33%
HZ Saudi Arabia
33%
OM Slovakia
33%
ZR – ZU South Africa
33%
DS –DT South Korea
33%
HL South Korea
33%
AM – AO Spain
33%
EA – EH Spain
33%
SSN – ST Sudan
33%
PZ Suriname
33%
HB Switzerland
33%
BM – BQ Taiwan
33%
BU – BX Taiwan
33%
EY Tajikistan
33%
HS Thailand
33%
TA – TC Turkey
33%
EZ Turkmenistan
33%
T2 Tuvalu
33%
UR – UZ Ukraine
33%
VP – VQ United Kingdom
33%
ZB – ZJ United Kingdom
33%
ZN – ZO United Kingdom
33%
ZQ United Kingdom
33%
4U United Nations
33%
AA – AL United States of America
33%
UJ – UM Uzbekistan
33%
HV Vatican City
33%
XV Vietnam
33%
C7 World Meteorological Organization
33%
7O Yemen
33%
T6 Afghanistan
0%
YA Afghanistan
0%
7R Algeria
0%
7T – 7Y Algeria
0%
C3 Andorra
0%
V2 Antigua and Barbuda
0%
LO – LW Argentina
0%
P4 Aruba
0%
VZ Australia
0%
4J – 4K Azerbaijan
0%
A9 Bahrain
0%
S2 – S3 Bangladesh
0%
8P Barbados
0%
TY Benin
0%
E7 Bosnia and Herzegovina
0%
8O Botswana
0%
V8 Brunei
0%
XT Burkina Faso
0%
9U Burundi
0%
TJ Cameroon
0%
XJ – XO Canada
0%
D4 Cape Verde
0%
TL Central African Republic
0%
3G Chile
0%
XQ – XR Chile
0%
3H – 3U China
0%
XS China
0%
5J – 5K Colombia
0%
D6 Comoros
0%
TE Costa Rica
0%
T4 Cuba
0%
C4 Cyprus
0%
H2 Cyprus
0%
P3 Cyprus
0%
9O – 9T Democratic Republic of the Congo
0%
5P – 5Q Denmark
0%
XP Denmark
0%
4W East Timor
0%
4A – 4C Mexico
0%
3Z Poland
0%
J2 Djibouti
0%
J7 Dominica
0%
6A – 6B Egypt
0%
HU El Salvador
0%
YS El Salvador
0%
3C Equatorial Guinea
0%
E3 Eritrea
0%
3DA – 3DM Eswatini
0%
9E – 9F Ethiopia
0%
ET Ethiopia
0%
HW – HY France
0%
TH France
0%
TR Gabon
0%
C5 Gambia
0%
4L Georgia
0%
Y2 – Y9 Germany
0%
9G Ghana
0%
J4 Greece
0%
J3 Grenada
0%
3X Guinea
0%
J5 Guinea-Bissau
0%
8R Guyana
0%
4V Haiti
0%
HQ – HR Honduras
0%
8T – 8Y India
0%
7A – 7I Indonesia
0%
8A – 8I Indonesia
0%
JZ Indonesia
0%
PK – PO Indonesia
0%
9B – 9D Iran
0%
EP – EQ Iran
0%
HN Iraq
0%
YI Iraq
0%
TU Ivory Coast
0%
6Y Jamaica
0%
5Y – 5Z Kenya
0%
T3 Kiribati
0%
9K Kuwait
0%
7P Lesotho
0%
5L – 5M Liberia
0%
6Z Liberia
0%
A8 Liberia
0%
D5 Liberia
0%
EL Liberia
0%
5A Libya
0%
5R – 5S Madagascar
0%
6X Madagascar
0%
7Q Malawi
0%
9M Malaysia
0%
9W Malaysia
0%
8Q Maldives
0%
TZ Mali
0%
V7 Marshall Islands
0%
5T Mauritania
0%
3B Mauritius
0%
6D – 6J Mexico
0%
XA – XI Mexico
0%
V6 Micronesia
0%
ER Moldova
0%
3A Monaco
0%
5C – 5G Morocco
0%
C8 – C9 Mozambique
0%
XY – XZ Myanmar
0%
9N Nepal
0%
PA – PI Netherlands
0%
H6 – H7 Nicaragua
0%
YN Nicaragua
0%
5U Niger
0%
5N – 5O Nigeria
0%
E6 Niue
0%
HM North Korea
0%
Z3 North Macedonia
0%
3Y Norway
0%
JW – JX Norway
0%
6P – 6S Pakistan
0%
T8 Palau
0%
3E – 3F Panama
0%
H3 Panama
0%
H8 – H9 Panama
0%
HO – HP Panama
0%
P2 Papua New Guinea
0%
ZP Paraguay
0%
4T Peru
0%
4D – 4I Philippines
0%
HF Poland
0%
SN – SR Poland
0%
A7 Qatar
0%
TN Republic of the Congo
0%
J6 Saint Lucia
0%
J8 Saint Vincent and the Grenadines
0%
T7 San Marino
0%
S9 Sao Tome and Principe
0%
7Z Saudi Arabia
0%
8Z Saudi Arabia
0%
6V – 6W Senegal
0%
S7 Seychelles
0%
9L Sierra Leone
0%
9V Singapore
0%
S6 Singapore
0%
H4 Solomon Islands
0%
6O Somalia
0%
T5 Somalia
0%
S8 South Africa
0%
6K – 6N South Korea
0%
D7 – D9 South Korea
0%
Z8 South Sudan
0%
4P – 4S Sri Lanka
0%
6T – 6U Sudan
0%
7S Sweden
0%
8S Sweden
0%
HE Switzerland
0%
6C Syria
0%
YK Syria
0%
5H – 5I Tanzania
0%
E2 Thailand
0%
5V Togo
0%
A3 Tonga
0%
9Y – 9Z Trinidad and Tobago
0%
3V Tunisia
0%
TS Tunisia
0%
YM Turkey
0%
5X Uganda
0%
EM – EO Ukraine
0%
A6 United Arab Emirates
0%
VS United Kingdom
0%
CV – CX Uruguay
0%
YJ Vanuatu
0%
4M Venezuela
0%
YV – YY Venezuela
0%
3W Vietnam
0%
9I – 9J Zambia
0%
Z2 Zimbabwe
0%
No matching quizzes found
Score Distribution
Percent of People with Each Score
Percentile by Number Answered
Your Score History
You have not taken this quiz